| 000 | 01894cam a2200325 i 4500 | ||
|---|---|---|---|
| 001 | 200442749 | ||
| 003 | TR-AnTOB | ||
| 005 | 20260105160840.0 | ||
| 007 | ta | ||
| 008 | 640101s1964 xx ||| b ||| | eng d | ||
| 040 |
_aericd _beng _cericd _erda _dTR-AnTOB |
||
| 041 | 0 | _aeng | |
| 050 | 4 |
_bHD5706 _a.I58 1963 |
|
| 090 |
_aHD5706 _b.I58 1963 |
||
| 245 | 1 | 0 |
_aInternational Trade Union Seminar on Active Manpower Policy : _bVienna, September 17-20, 1963 : Final Report. |
| 264 |
_aParis: _bOECD, _c1964 |
||
| 300 |
_a172 pages: _c24 cm |
||
| 336 |
_2rdacontent _atext _btxt |
||
| 337 |
_2rdamedia _aunmediated _bn |
||
| 338 |
_2rdacarrier _avolume _bnc |
||
| 490 | 0 |
_aInternational Seminars ; _v1963-1 |
|
| 520 | _aThis seminar provided for exchange of current experiences and views on active manpower policy by management and trade unionists in the member countries of the Organization for Economic Cooperation and Development. The present volume consists of a report of the proceedings, the conclusions reached by the participants, and reprints of the three background reports prepared for the seminar. The papers and discussion provide an intimate appraisal of important aspects of manpower policies and activities within the member countries. The backgrounds reports were: "Economic and Social Implications of an Active Manpower Policy" by E. Wight Bakke, "Comparison of National Manpower Policies" by Franz Lenert, and "The Trade Union Attitude Towards an Active Manpower Policy" by Herman Beermann. (CH) | ||
| 533 |
_aMicrofiche. _b[Washington D.C.]: _cERIC Clearinghouse _emicrofiches : positive. |
||
| 650 | 0 |
_aFull employment policies _9100642 |
|
| 650 | 0 |
_aEmployment stabilization _9102087 |
|
| 710 | 2 |
_aOrganisation for Economic Co-operation and Development. _bSocial Affairs Division _9136356 |
|
| 942 |
_2lcc _cBK |
||
| 999 |
_c200442749 _d60961 |
||